Geography Quiz

Random Geography or State Quiz

10 Largest US State Capitals Quiz Stats

 Plays Quiz Updated Sep 21, 2020

Support Sporcle.
Go Orange.
Score 0/10 Timer 02:00
2 Plays Today
% Correct
Boston, Massachusetts
86.5%
Atlanta, Georgia
81.1%
Denver, Colorado
79.7%
Austin, Texas
78.7%
Phoenix, Arizona
75.8%
Indianapolis, Indiana
70.8%
Nashville, Tennessee
63.3%
Sacramento, California
61.7%
Columbus, Ohio
58.9%
Oklahoma City, Oklahoma
55.7%

You're not logged in!

Compare scores with friends on all Sporcle quizzes.
OR
Log In
Forgot?

From the Vault

Multicategory A-Z Blitz III

by sproutcm

This quiz is like a 'choose your own adventure' through the alphabet.
Remove Ads.
Support Sporcle.
Get the best of Sporcle when you Go Orange. This ad-free experience offers more features, more stats, and more fun while also helping to support Sporcle. Thank you for becoming a member.

Show Comments

Extras

Top Quizzes Today


Score Distribution

Your Account Isn't Verified!

In order to create a playlist on Sporcle, you need to verify the email address you used during registration. Go to your Sporcle Settings to finish the process.

Report this User

Report this user for behavior that violates our Community Guidelines.

Details: